000 00790cam a2200253 a 4500
001 000006135
005 20200929151938.0
008 830914s1982 cu 000 p spa
040 _aDO-SdBNP
_bspa
_cDLC
_dBNPHU
082 _aCu861.44
_bD559i
100 1 _aDiego, Eliseo.
_d1920-1994
_917259
245 1 0 _aInventario de asombros /
_cEliseo Diego ; edición, Eliana Dávila.
260 _aLa Habana, (Cuba) :
_bLetras Cubanas,
_c1982.
300 _a61 p. ;
_c19 cm.
490 1 _aGiraldilla
650 4 _aPoesía cubana
_95226
650 4 _aLiteratura cubana
_91483
650 4 _aEternidad
_xPoesía
_917261
650 4 _aCrepúsculo
_xPoesía
_917262
700 1 _aDávila, Eliana,
_eed.
_911227
830 0 _aGiraldilla.
_98904
910 _aCatalogación por copia / LC
049 _aBNGR
999 _c5931
_d5931